| 000 | 00478cam a2200181ua 4500 | ||
|---|---|---|---|
| 020 |
_a81-203-1558-8 _c495.00 |
||
| 041 |
_aeng _h |
||
| 082 |
_a005.133 _bWEB/US |
||
| 100 | _aWebber, Joseph . | ||
| 245 |
_aUsing Java 2 platform / _cJoseph Webber. _hTextual Documents |
||
| 250 |
_a1 / _b. |
||
| 260 |
_aNew Delhi : _bPrentice Hall of India Pvt Ltd. , _c2000. |
||
| 300 |
_a1413 ; _eCD ROM. |
||
| 365 | _a495.00 | ||
| 504 | _a | ||
| 942 | _cBK | ||
| 999 |
_c5575 _d5575 |
||